|
|
|
|
| LEADER |
00779nam a2200205 i 4500 |
| 001 |
misc58053 |
| 005 |
20210608182045.0 |
| 008 |
210608s1923 hu o 0|| hun d |
| 040 |
|
|
|a SZTE Miscellanea Repozitórium
|b hun
|
| 041 |
|
|
|a hun
|
| 100 |
1 |
|
|a Jablonkay Gábor
|
| 245 |
1 |
2 |
|a A keresztény filozófia alapelvei
|h [elektronikus dokumentum] :
|b Bevezető előadások a keresztény filozófiába /
|c Jablonkay Gábor
|
| 260 |
|
|
|c 1923
|
| 300 |
|
|
|a 76 p.
|c 21 cm
|
| 650 |
|
4 |
|a Bölcsészettudományok
|
| 650 |
|
4 |
|a Filozófia, etika és vallástudományok
|
| 650 |
|
4 |
|a Filozófia, tudománytörténet és tudományfilozófia
|
| 650 |
|
4 |
|a Vallástudományok
|
| 695 |
|
|
|a Vallásfilozófia - keresztény
|
| 856 |
4 |
0 |
|u http://misc.bibl.u-szeged.hu/58053/1/xb_174015.pdf
|z Dokumentum-elérés
|